00632nam a2200145 i 4500001000700000003000900007005001700016008004100033040002000074100004000094245008000134260007200214300002100286852017900307160881ES-MaACL20250730063142.0041004s1856 sp |||| | spa d aCAM bspa cCAM1 aOchoa de Alda, Teodoro, d1803-187810aDon Luisito b: comedia original en dos actos / cde Teodoro Ochoa de Alda. aMadrid : b[s.n.], c1856 (fImprenta á cargo de Francisco Sales) a24 p. ; c19 cm. aES-MaACLjF-8557(8) z-- Enc. pasta española q-- Falto de la cub. originalz-- Enc. en un vol. facticio formando parte de la col. facticia "Teatro español moderno", v. 9